Countries by country of independence - Statistics

General Stats
  • This quiz has been taken 38 times
  • The average score is 171 of 197
Answers on the Map
Answers color-coded by a green-red scale on the quiz's map according to % correct below.
 
Answer Stats
Hint Answer % Correct
Albania
100%
Algeria
100%
Andorra
100%
Angola
100%
Argentina
100%
Austria
100%
Benin
100%
Union Bhutan
100%
Brazil
100%
Burkina Faso
100%
Cabo Verde
100%
Cambodia
100%
Cameroon
100%
Central African Republic
100%
Chad
100%
Chile
100%
Formation China
100%
Succession Colombia
100%
Comoros
100%
Côte d'Ivoire
100%
Succession Denmark
100%
Djibouti
100%
Dominican Republic
100%
Succession Egypt
100%
Equatorial Guinea
100%
Gabon
100%
Union Germany
100%
Guinea
100%
Guinea-Bissau
100%
Union Haiti
100%
Formation Iran
100%
Union Italy
100%
Union Japan
100%
Laos
100%
Lebanon
100%
Libya
100%
Madagascar
100%
Union Malaysia
100%
Mali
100%
Mauritania
100%
Mexico
100%
Monaco
100%
Morocco
100%
Mozambique
100%
Union Nepal
100%
Netherlands
100%
Niger
100%
Paraguay
100%
Poland
100%
Portugal
100%
Republic of the Congo
100%
Succession Russia
100%
Formation San Marino
100%
São Tomé and Príncipe
100%
Supersession Saudi Arabia
100%
Union Spain
100%
Formation Taiwan
100%
Union Tanzania
100%
Union Thailand
100%
Togo
100%
Tunisia
100%
Succession Turkey
100%
Union United Kingdom
100%
Vanuatu
100%
Union Vietnam
100%
Union Yemen
100%
Afghanistan
97%
Antigua and Barbuda
97%
Australia
97%
Bahamas
97%
Bahrain
97%
Barbados
97%
Belize
97%
Botswana
97%
Brunei
97%
Canada
97%
Cyprus
97%
Dominica
97%
eSwatini
97%
Fiji
97%
Ghana
97%
Grenada
97%
Guyana
97%
India
97%
Iraq
97%
Ireland
97%
Israel
97%
Jamaica
97%
Jordan
97%
Kenya
97%
Kiribati
97%
Kuwait
97%
Lesotho
97%
Malawi
97%
Maldives
97%
Malta
97%
Mauritius
97%
Myanmar
97%
Nauru
97%
New Zealand
97%
Nigeria
97%
Oman
97%
Pakistan
97%
Qatar
97%
Saint Kitts and Nevis
97%
Saint Lucia
97%
Saint Vincent and the Grenadines
97%
Seychelles
97%
Sierra Leone
97%
Solomon Islands
97%
South Africa
97%
Sri Lanka
97%
Sudan
97%
Tonga
97%
Trinidad and Tobago
97%
Tuvalu
97%
Uganda
97%
United Arab Emirates
97%
United States
97%
Zambia
97%
Zimbabwe
97%
Belgium
90%
Burundi
90%
Democratic Republic of the Congo
90%
Finland
90%
Indonesia
90%
Luxembourg
90%
Mongolia
90%
Rwanda
90%
Suriname
90%
Armenia
87%
Azerbaijan
87%
Belarus
87%
Cuba
87%
Estonia
87%
Ethiopia
87%
Federated States of Micronesia
87%
Georgia
87%
Kazakhstan
87%
Kyrgyzstan
87%
Latvia
87%
Liberia
87%
Lithuania
87%
Marshall Islands
87%
Moldova
87%
Norway
87%
Palau
87%
Philippines
87%
Somalia
87%
Tajikistan
87%
Turkmenistan
87%
Ukraine
87%
Uzbekistan
87%
Vatican City
87%
South Sudan
84%
Eritrea
81%
North Korea
81%
South Korea
81%
Iceland
77%
Namibia
77%
Sweden
77%
Bosnia and Herzegovina
71%
Croatia
71%
North Macedonia
71%
Slovenia
71%
Czech Republic
68%
Ecuador
68%
Hungary
68%
Independence Declared Kosovo
68%
Panama
68%
Papua New Guinea
68%
Slovakia
68%
Uruguay
68%
Venezuela
68%
Bulgaria
65%
Greece
65%
Romania
65%
Bangladesh
58%
Timor-Leste
58%
Switzerland
45%
Montenegro
39%
Samoa
39%
Serbia
39%
Costa Rica
35%
El Salvador
35%
Guatemala
35%
Honduras
35%
Nicaragua
35%
Independence Declared Palestine
32%
Syria
23%
Bolivia
16%
Peru
16%
Gambia
13%
Senegal
13%
Singapore
13%
France
0%
Liechtenstein
0%
No matching quizzes found
Score Distribution
Percent of People with Each Score
Percentile by Number Answered
Your Score History
You have not taken this quiz